UBT Library

Basic college mathematics / (Record no. 44200)

000 -LEADER
fixed length control field 00813cam a2200253 a 4500
001 - CONTROL NUMBER
control field 13605717
005 - DATE AND TIME OF LATEST TRANSACTION
control field 20180306081515.0
008 - FIXED-LENGTH DATA ELEMENTS--GENERAL INFORMATION
fixed length control field 040525s2005 njua 001 0 eng
010 ## - LIBRARY OF CONGRESS CONTROL NUMBER
LC control number 2004050597
020 ## - INTERNATIONAL STANDARD BOOK NUMBER
International Standard Book Number 0131490575
020 ## - INTERNATIONAL STANDARD BOOK NUMBER
International Standard Book Number 9780131490574
035 ## - SYSTEM CONTROL NUMBER
System control number (OCoLC)ocm55534754
035 ## - SYSTEM CONTROL NUMBER
System control number (OCoLC)55534754
Canceled/invalid control number (OCoLC)81603905
040 ## - CATALOGING SOURCE
Original cataloging agency DLC
Transcribing agency DLC
Modifying agency C#P
-- OCL
-- BAKER
-- BTCTA
-- YDXCP
-- OCLCG
-- DLC
041 ## - LANGUAGE CODE
Language code of text/sound track or separate title eng
080 ## - UNIVERSAL DECIMAL CLASSIFICATION NUMBER
Universal Decimal Classification number 513.1 joh
082 00 - DEWEY DECIMAL CLASSIFICATION NUMBER
Classification number 513.1 joh
Edition number 22
100 1# - Rafti
Rafti 38
101 ## - Shkurtesa
Shkurtesa mat
245 10 - TITLE STATEMENT
Title Basic college mathematics /
Statement of responsibility, etc John Tobey, Jeffrey Slater.
906 ## - LOCAL DATA ELEMENT F, LDF (RLIN)
a 7
b cbc
c orignew
d 1
e ocip
f 20
g y-gencatlg
942 ## - ADDED ENTRY ELEMENTS (KOHA)
Source of classification or shelving scheme
Item type Books
Holdings
Withdrawn status Lost status Source of classification or shelving scheme Damaged status Not for loan Collection code Permanent location Current location Shelving location Date acquired Total Checkouts Full call number Barcode Date last seen Price effective from Koha item type
          Koleksioni i përgjithshem UBT - Lipjan UBT - Lipjan Koleksioni i përgjithshem 03/06/2018   513.1 joh 002-3001126 03/06/2018 03/06/2018 Books
UBT Library © 2015-2024. All rights reserved University Education for Business and Technology